Uma História um minuto (Record no. 45363)

MARC details
000 -Etiqueta do registo
Valores 00426nam a2200157 4500
100 ## - Dados gerais de processamento
Dados gerais 20260102 pory50
101 ## - Língua de publicação
Língua por
102 ## - País de publicação
País PT
200 ## - Titulo e menção de responsabilidade
Título próprio Uma História um minuto
Primeira menção de responsabilidade escrito Julie Harman , il. Sara Nowowiesja
Outras menções de responsabilidade trad. rita Carvalho e Guerra
210 ## - Publicação
Local de publicação Sintra
Nome do editor Yoyo Books Portugal
Data de publicação [2024]
215 ## - Descrição física 
Paginação / Volumes [24] p.
Outras indicações físicas todo il.
675 ## - CDU
Notação 82-93
801 ## - Fonte de origem
País PT
Regras de catalogação RPC
990 ## - Elementos KOHA
Tipo de documento Livro
Holdings
Aquisição Empréstimo Código de barras Cota Permissão de empréstimo Tipo de documento
Biblioteca Municipal de Redondo Biblioteca Municipal de Redondo 056123 82-93 HAR   Livro

Powered by Koha